| 000 | 01236naa a22003137a 4500 | ||
|---|---|---|---|
| 001 | BR7503542 | ||
| 003 | BR-BrBNA | ||
| 005 | 20250714141724.0 | ||
| 007 | ta | ||
| 008 | 250630b bl.|||m| |||| 00| 0 por d | ||
| 040 |
_aBR-BrBNA _bpor _cBiblioteca Nacional de Agricultura |
||
| 041 | _a(Pt) | ||
| 072 |
_aT00; L73 _b/G514 |
||
| 090 | _aT00 BR7503542 | ||
| 100 | 1 | _aPiza, J. de T. | |
| 111 | 1 |
_a1. Encontro Nacional sobre a Protecao e Melhoria do Meio Ambiente _cBrasilia, DF (Brazil) _d1975 |
|
| 245 | 1 | _aPoluicao das aguas e do solo e suas relacoes com a esquistossomose e outras parasitoses [Sao Paulo, Brasil] | |
| 500 | _aAnais do 1. Encontro Nacional sobre a Protecao e Melhoria do Meio Ambiente Brasilia, DF (Brasil): 1975. v. 2 p. 301-320 [Summary (Pt)] (BR7503542-AMS) | ||
| 773 | 0 |
_tAnais do 1. Encontro Nacional sobre a Protecao e Melhoria do Meio Ambiente _wT00 BR7503542 _gBrasilia, DF (Brasil), 1975. v. 2 p. 301-320 |
|
| 650 | _aAGUA | ||
| 650 | _aPOLUICAO | ||
| 650 | _aSOLO | ||
| 650 | _aESQUISTOSSOMOSE | ||
| 650 | _aZOONOSE | ||
| 650 | _aSAO PAULO | ||
| 490 |
_aMeio Ambiente - Secretaria Especial do Meio Ambiente (Brazil) _vno. 2 |
||
| 942 |
_cAMS _2AGRIS |
||
| 909 |
_a202506 _bLúcia _c55 _dLúcia Elande |
||
| 999 |
_c332900 _d332900 |
||